000 00472nam a22001817a 4500
999 _c159331
_d159331
003 dpl
005 20181214122735.0
008 181214b ||||| |||| 00| 0 eng d
020 _a070097002249
_c0.00
035 _aA-818842
040 _aDPL
_bEN
_c0
082 _aS
100 _aBarrie, J.M.
245 _aPeter Pan
_cJ.M. Barrie
260 _anew york
_bplaymore inc., publihers and waldman publishing corp.,
300 _a240p:
_c14cm
942 _2ddc
_cCH
_hS
_mBAR